000 00826nam a2200253Ia 4500
003 OSt
005 20220923223246.0
006 a|||||r|||| 00| 0
007 ta
008 220922b |||||||| |||| 00| 0 hin d
024 _a212,636
037 _cTextual
040 _aARTS
_cARTS
_bhin
041 _2hin
_ahin
082 _aO152,3N247,JT, K5
100 _aमिश्र, रामदरश
_9156318
245 0 _aजल टूटता हुआ
246 _aJal ṭūṭatā huā
260 _aवाराणसी
_b हिन्दी प्रचारक संस्थान
_c1965
300 _a574पृ.
_ccm.
650 _aहिन्दी साहित्य
_9156264
942 _hO152,3N247,JT, K5
_cTEXL
_2CC
999 _c362910
_d362910